00578aam a2200217 450000500170000000800410001704100080005808200170006610000190008310000190010224500550012126000090017665000220018565000230020765000210023065000260025165000210027765000220029865000200032065000200034020160902144045.0150311b xxu||||| |||| 00| 0 spa d aspa a1.4.18 W594g aWhiteman, Kote aMayhew, Maggie aLa gran enciclopedia de la fruta: conocer la fruta c1998 aRECETAS DE COCINA aEQUIPO PARA FRUTAS aCOMPRA DE FRUTAS aPREPARACION DE FRUTAS aFRUTAS CON HUESO aBAYAS Y GROSELLOS aFRUTAS CITRICAS aFRUTAS EXOTICAS